Fr. Conceicao Rodrigues College of Engineering

VLSI Design:Theory and practice (Record no. 34845)

MARC details
000 -LEADER
fixed length control field 00357nam a2200157Ia 4500
082 ## - DEWEY DECIMAL CLASSIFICATION NUMBER
Classification number 621.395
Item number VIJ
100 ## - MAIN ENTRY--PERSONAL NAME
Personal name Vij Vikrant/ syal/Nidhi
245 ## - TITLE STATEMENT
Title VLSI Design:Theory and practice
260 ## - PUBLICATION, DISTRIBUTION, ETC.
Name of publisher, distributor, etc. Universities Press
Date of publication, distribution, etc. 2013
366 ## - TRADE AVAILABILITY INFORMATION
Publishers's discount category 20
300 ## - PHYSICAL DESCRIPTION
Extent 428
546 ## - LANGUAGE NOTE
Language note ENGLISH
-- PAMPHALETS
650 ## - SUBJECT ADDED ENTRY--TOPICAL TERM
Topical term or geographic name entry element VLSI
654 ## - SUBJECT ADDED ENTRY--FACETED TOPICAL TERMS
Focus term VLSI design
942 ## - ADDED ENTRY ELEMENTS (KOHA)
Koha item type BOOK
Holdings
Withdrawn status Lost status Damaged status Not for loan Collection Home library Current library Shelving location Date acquired Source of acquisition Cost, normal purchase price Inventory number Total Checkouts Total Renewals Full call number Barcode Date last seen Date last checked out Cost, replacement price Price effective from Koha item type
        CRC Fr. Agnel's C.Rodrigues College of Engineering Fr. Agnel's C.Rodrigues College of Engineering   17/03/2023 Allied Publishers 260.00 1628 dt 17.03.2016 1 1 621.395 VIJ 24145 27/02/2026 25/02/2026 325.00   BOOK